Statistics for NHL Team's All-Time Single Season Goal Leader

Click here to take the quiz!

General Stats

  • This quiz has been taken 43 times
  • The average score is 24 of 32

Answer Stats

FranchiseSeasonGoal #Player% Correct
Oilers1981-8292Wayne Gretzky
100%
Capitals2007-0865Alexander Ovechkin
97%
Blackhawks1968-6958Bobby Hull
95%
Blues1990-9186Brett Hull
95%
Penguins1988-8985Mario Lemieux
95%
Coyotes/Jets1992-9376Teemu Selänne
95%
Ducks1997-9852Teemu Selänne
95%
Maple Leafs2021-2260Auston Matthews
89%
Blue Jackets2003-04 / 2018-1941*Rick Nash / Cam Atkinson
89%
Lightning2011-1260Steven Stamkos
89%
Islanders1978-7969Mike Bossy
87%
Red Wings1988-8965Steve Yzerman
87%
Jets/Thrashers2005-06 / 2007-0852Ilya Kovalchuk
84%
Bruins1970-7176Phil Esposito
84%
Canadiens1976-77 / 1977-7860*Guy Lafleur / Steve Shutt
76%
Wild2021-2247Kirill Kaprizov
76%
Panthers2000-0159Pavel Bure
76%
Canucks1992-93 / 1993-9460Pavel Bure
76%
Senators2005-06 / 2006-0750Dany Heatley
74%
Sabres1992-9376Alexander Mogilny
71%
Golden Knights2017-1843William Karlsson
71%
Rangers2005-0654Jaromír Jágr
68%
Sharks2005-0656Jonathan Cheechoo
66%
Kraken2021-2227Jared McCann
63%
Flames1982-8366Lanny McDonald
63%
Kings1988-8970Bernie Nicholls
53%
Flyers1975-7661Reggie Leach
53%
Stars/North Stars1981-82 / 1989-9055*Dino Ciccarelli / Brian Bellows
47%
Predators2021-2243Matt Duchene
47%
Avalanche/Nordiques1982-8357Michel Goulet
45%
Devils2005-0648Brian Gionta
34%
Hurricanes/Whalers1979-8056Blaine Stoughton
24%

Score Distribution

Percentile by Number Answered

Percent of People with Each Score

Your Score History

You have not taken this quiz